[Event "Schleswig-Holstein-ch Seniors-A"]
[Site "Bad Segeberg"]
[Date "2018.03.26"]
[Round "3"]
[White "Stomprowski, Eckhard"]
[Black "Plewka, Manfred"]
[Result "0-1"]
[WhiteElo "1875"]
[BlackElo "1930"]
[PlyCount "70"]
[EventDate "2018.03.24"]
[EventType "swiss"]
[EventRounds "9"]
[EventCountry "GER"]
[SourceTitle "EXT 2023"]
[Source "ChessBase"]
[SourceDate "2022.10.05"]
[SourceVersion "1"]
[SourceVersionDate "2022.10.05"]
[SourceQuality "1"]

1. e4 c5 2. Nf3 e6 3. d4 cxd4 4. Nxd4 Bc5 5. Nb3 Bb6 6. Bf4 Qf6 7. Qd2 Nc6 8. Nc3 Nge7 9. Bd3 Ne5 10. Bg3 Nxd3+ 11. Qxd3 0-0 12. 0-0 d5 13. exd5 exd5 14. Nxd5 Nxd5 15. Qxd5 Qxb2 16. c4 Be6 17. Qxb7 Bxc4 18. Rfc1 Rac8 19. Rcb1 Qf6 20. Rc1 h5 21. Qe4 Be6 22. Nd2 Rxc1+ 23. Rxc1 Bxa2 24. Qa4 Bd5 25. Ne4 Qf5 26. Nd6 Qe6 27. Qh4 g6 28. Qg5 Ra8 29. Rd1 Bb3 30. Rc1 a5 31. Qb5 Rb8 32. Qd3 a4 33. Nb5 Rd8 34. Qc3 Qe2 35. Qb4 Rd1+ 0-1

[Event "Schleswig-Holstein-ch Seniors-A"]
[Site "Bad Segeberg"]
[Date "2018.03.24"]
[Round "1"]
[White "Krueger, Wolfgang"]
[Black "Plewka, Manfred"]
[Result "1/2-1/2"]
[WhiteElo "2128"]
[BlackElo "1930"]
[PlyCount "55"]
[EventDate "2018.03.24"]
[EventType "swiss"]
[EventRounds "9"]
[EventCountry "GER"]
[SourceTitle "EXT 2023"]
[Source "ChessBase"]
[SourceDate "2022.10.05"]
[SourceVersion "1"]
[SourceVersionDate "2022.10.05"]
[SourceQuality "1"]

1. c4 g6 2. e4 Bg7 3. Nc3 c5 4. g3 Nc6 5. Bg2 d6 6. Nge2 Be6 7. d3 a6 8. Rb1 Rb8 9. a3 b5 10. cxb5 axb5 11. b4 cxb4 12. axb4 Nd4 13. Nxd4 Bxd4 14. Bd2 Qd7 15. Ne2 Bg7 16. 0-0 Bh3 17. Rc1 Bxg2 18. Kxg2 e6 19. Qc2 Ne7 20. Qc7 Rb7 21. Qxd7+ Kxd7 22. Rc2 Rc8 23. Rfc1 Rxc2 24. Rxc2 Nc6 25. Ra2 Ra7 26. Rxa7+ Nxa7 27. d4 d5 28. exd5 1/2-1/2

[Event "Schleswig Holstein-ch Seniors op 11th"]
[Site "Buesum"]
[Date "2017.09.11"]
[Round "4"]
[White "Schwab, Wolfgang"]
[Black "Plewka, Manfred"]
[Result "0-1"]
[WhiteElo "1790"]
[BlackElo "1925"]
[PlyCount "76"]
[EventDate "2017.09.08"]
[EventType "swiss"]
[EventRounds "9"]
[EventCountry "GER"]
[SourceTitle "EXT 2019"]
[Source "ChessBase"]
[SourceDate "2018.10.10"]
[SourceVersion "1"]
[SourceVersionDate "2018.10.10"]
[SourceQuality "1"]

1. e4 c5 2. Nf3 e6 3. g3 g6 4. Bg2 Bg7 5. 0-0 Nc6 6. d3 Nge7 7. Nbd2 d5 8. Re1 0-0 9. c3 dxe4 10. dxe4 b5 11. Nc4 Ba6 12. Ne3 Qc7 13. Qc2 Rad8 14. Bf1 Bb7 15. Ng4 h5 16. Nh6+ Kh8 17. Bf4 e5 18. Be3 f6 19. Bc4 Nc8 20. Qb3 Na5 21. Qa4 Bc6 22. Bxb5 Bxb5 23. Qxb5 Nd6 24. Qe2 Kh7 25. Rad1 Bxh6 26. Bxh6 Kxh6 27. Qd2+ Kg7 28. Qe2 Nf7 29. Rc1 Rd7 30. b4 Nb7 31. a4 Rfd8 32. Kg2 a5 33. Qa2 Rd3 34. Qb1 c4 35. Rc2 Qd7 36. bxa5 Rxf3 37. Kxf3 Ng5+ 38. Kg2 Qh3+ 0-1

[Event "Schleswig Holstein-ch Senioren"]
[Site "Ratzeburg"]
[Date "2017.04.14"]
[Round "9.4"]
[White "Plewka, Manfred"]
[Black "Mentlein, Horst"]
[Result "1/2-1/2"]
[WhiteElo "1918"]
[BlackElo "2024"]
[PlyCount "74"]
[EventDate "2017.04.08"]
[EventType "swiss"]
[EventRounds "9"]
[EventCountry "GER"]
[SourceTitle "EXT 2022"]
[Source "ChessBase"]
[SourceDate "2021.10.06"]
[SourceVersion "1"]
[SourceVersionDate "2021.10.06"]
[SourceQuality "1"]

1. e4 c6 2. d4 d5 3. e5 Bf5 4. Be2 e6 5. Nf3 Nd7 6. 0-0 Ne7 7. Bg5 h6 8. Be3 Bh7 9. c4 dxc4 10. Bxc4 Nd5 11. Bd2 Be7 12. Nc3 0-0 13. Nxd5 cxd5 14. Bb3 Rc8 15. Rc1 Qb6 16. Qe2 Be4 17. Be3 Nb8 18. Nd2 Bh7 19. Nf3 Na6 20. Rxc8 Rxc8 21. Rc1 Rxc1+ 22. Bxc1 Nb4 23. Bd2 Nc6 24. Be3 a6 25. Qd2 Be4 26. Qd1 Bd8 27. Ne1 Qa7 28. Bc2 Bxc2 29. Nxc2 b5 30. Ne1 Bb6 31. Nf3 Ne7 32. Qc2 Qc7 33. Qxc7 Bxc7 34. Kf1 Nf5 35. Ke2 h5 36. h3 Kf8 37. Bd2 Bb6 1/2-1/2

[Event "Schleswig Holstein-ch Senioren"]
[Site "Ratzeburg"]
[Date "2017.04.11"]
[Round "5.9"]
[White "Plewka, Manfred"]
[Black "Magdorf, Peter"]
[Result "1-0"]
[WhiteElo "1918"]
[BlackElo "2021"]
[PlyCount "70"]
[EventDate "2017.04.08"]
[EventType "swiss"]
[EventRounds "9"]
[EventCountry "GER"]
[SourceTitle "EXT 2022"]
[Source "ChessBase"]
[SourceDate "2021.10.06"]
[SourceVersion "1"]
[SourceVersionDate "2021.10.06"]
[SourceQuality "1"]

1. e4 c5 2. Nf3 e6 3. d4 cxd4 4. Nxd4 a6 5. a3 b5 6. Be2 Bb7 7. f3 Nc6 8. Nxc6 Bxc6 9. Be3 Qc7 10. Bf2 Nf6 11. 0-0 Bd6 12. h3 Nh5 13. Nd2 Bh2+ 14. Kh1 Ng3+ 15. Bxg3 Bxg3 16. Bd3 0-0 17. Qe2 Qf4 18. Rfd1 Qh6 19. Nf1 Bf4 20. c4 Rab8 21. b4 d5 22. cxb5 axb5 23. Ra2 e5 24. exd5 Bxd5 25. Bxh7+ Kxh7 26. Rxd5 Qe6 27. Qd3+ g6 28. Rc2 Kg7 29. Rcc5 Rh8 30. Rd6 Rxh3+ 31. Kg1 Rxf3 32. gxf3 Qh3 33. Rc2 Rh8 34. Rg2 Rh5 35. Rdxg6+ Kf8 1-0

[Event "Schleswig Holstein-ch Seniors op 10th"]
[Site "Buesum"]
[Date "2016.10.02"]
[Round "7"]
[White "Garms, Ilse"]
[Black "Plewka, Manfred"]
[Result "1-0"]
[WhiteElo "1763"]
[BlackElo "1936"]
[PlyCount "120"]
[EventDate "2016.09.26"]
[EventType "swiss"]
[EventRounds "9"]
[EventCountry "GER"]
[SourceTitle "EXT 2019"]
[Source "ChessBase"]
[SourceDate "2018.10.10"]
[SourceVersion "1"]
[SourceVersionDate "2018.10.10"]
[SourceQuality "1"]

1. d4 g6 2. e4 Bg7 3. Nf3 d6 4. h3 Nf6 5. Bd3 0-0 6. 0-0 b6 7. Be3 Bb7 8. Nbd2 Nbd7 9. Qe2 e5 10. c3 a5 11. a4 Re8 12. d5 Rf8 13. Bb5 Nc5 14. Bxc5 bxc5 15. Qc4 Qc8 16. Rfe1 Nd7 17. Qd3 Ba6 18. Bxa6 Rxa6 19. Nc4 Ra8 20. Na3 Nb6 21. b3 f5 22. Ng5 fxe4 23. Nxe4 Bh6 24. c4 Rf4 25. Nb5 Qd7 26. Ra2 Nc8 27. Qg3 c6 28. Qxf4 Bxf4 29. Nf6+ Kf7 30. Nxd7 cxb5 31. axb5 Ke7 32. Nxe5 dxe5 33. g3 Bh6 34. Rxe5+ Kd7 35. Rae2 Bf8 36. Re8 Bd6 37. Rh8 h5 38. Rh7+ Ne7 39. Re6 a4 40. bxa4 Rxa4 41. Re4 Rb4 42. Kg2 Rb2 43. g4 hxg4 44. Rxg4 Rc2 45. Re4 Rc3 46. Rg4 Ke8 47. Re4 Kf8 48. Re6 Nf5 49. Rxg6 Rxc4 50. Rf6+ Kg8 51. Rd7 Nh4+ 52. Kf1 Be5 53. Rc6 Bg7 54. b6 Nf5 55. b7 Rc1+ 56. Kg2 Nh4+ 57. Kg3 Nf5+ 58. Kf4 Rf1 59. b8Q+ Kh7 60. Kxf5 Rxf2+ 1-0

[Event "Schleswig Holstein-ch Seniors"]
[Site "Hanerau"]
[Date "2015.04.02"]
[Round "8"]
[White "Magdorf, Peter"]
[Black "Plewka, Manfred"]
[Result "1/2-1/2"]
[WhiteElo "2032"]
[BlackElo "1952"]
[PlyCount "37"]
[EventDate "2015.03.28"]
[EventType "swiss"]
[EventRounds "9"]
[EventCountry "GER"]
[SourceTitle "EXT 2018"]
[Source "ChessBase"]
[SourceDate "2017.10.13"]
[SourceVersion "1"]
[SourceVersionDate "2017.10.13"]
[SourceQuality "1"]

1. e4 c5 2. Nf3 e6 3. d4 cxd4 4. Nxd4 Nf6 5. Bd3 Nc6 6. Be3 d5 7. Nxc6 bxc6 8. exd5 cxd5 9. 0-0 Be7 10. Bd4 0-0 11. Nd2 Nd7 12. Nf3 Bf6 13. Re1 Bxd4 14. Nxd4 Nc5 15. c3 Nxd3 16. Qxd3 a5 17. Qg3 Ba6 18. Re3 Qb8 19. Qxb8 1/2-1/2

[Event "Schleswig Holstein-ch Seniors"]
[Site "Hanerau"]
[Date "2015.04.01"]
[Round "4"]
[White "Luchs, Manfred"]
[Black "Plewka, Manfred"]
[Result "1-0"]
[WhiteElo "1882"]
[BlackElo "1952"]
[PlyCount "87"]
[EventDate "2015.03.28"]
[EventType "swiss"]
[EventRounds "9"]
[EventCountry "GER"]
[SourceTitle "EXT 2018"]
[Source "ChessBase"]
[SourceDate "2017.10.13"]
[SourceVersion "1"]
[SourceVersionDate "2017.10.13"]
[SourceQuality "1"]

1. e4 c5 2. Nf3 e6 3. Nc3 b6 4. d4 cxd4 5. Nxd4 Bb7 6. Ndb5 d6 7. Bf4 e5 8. Be3 a6 9. Na3 Nf6 10. Nc4 Nbd7 11. Nxd6+ Bxd6 12. Qxd6 Nxe4 13. Nxe4 Bxe4 14. 0-0-0 Qe7 15. f3 Bf5 16. Bc4 Qxd6 17. Rxd6 Ke7 18. Rhd1 Rhc8 19. Bb3 Nc5 20. Bxc5 bxc5 21. g4 c4 22. gxf5 cxb3 23. Rd7+ Ke8 24. axb3 Rd8 25. Rxd8+ Rxd8 26. Rxd8+ Kxd8 27. b4 Ke7 28. c4 g6 29. fxg6 hxg6 30. Kc2 f5 31. Kd3 Kd6 32. h4 Kc6 33. Kc3 Kd6 34. c5+ Kd5 35. Kd3 Kc6 36. Kc4 Kd7 37. Kd5 e4 38. fxe4 f4 39. Kd4 Ke6 40. b3 Kf6 41. e5+ Ke6 42. Ke4 f3 43. Kxf3 Kxe5 44. Ke3 1-0

[Event "Schleswig Holstein-ch Seniors"]
[Site "Hanerau"]
[Date "2015.03.30"]
[Round "3"]
[White "Plewka, Manfred"]
[Black "Helbing Becker, Roger"]
[Result "1-0"]
[WhiteElo "1952"]
[BlackElo "1707"]
[PlyCount "103"]
[EventDate "2015.03.28"]
[EventType "swiss"]
[EventRounds "9"]
[EventCountry "GER"]
[SourceTitle "EXT 2018"]
[Source "ChessBase"]
[SourceDate "2017.10.13"]
[SourceVersion "1"]
[SourceVersionDate "2017.10.13"]
[SourceQuality "1"]

1. e4 e5 2. Nf3 Nc6 3. d4 exd4 4. Bc4 h6 5. Nxd4 Nxd4 6. Qxd4 Qf6 7. e5 Qb6 8. Qf4 Qg6 9. 0-0 d6 10. Re1 Be6 11. exd6 Bxd6 12. Bxe6 Bxf4 13. Bf5+ Ne7 14. Bxg6 Bxc1 15. Bxf7+ Kxf7 16. Rxc1 Rad8 17. Nc3 Rd2 18. Ne4 Rd4 19. f3 Rhd8 20. Kf2 Nf5 21. Re1 b6 22. c3 Rd3 23. Rac1 R8d7 24. Rc2 Rd8 25. Rce2 R8d7 26. a4 Kf8 27. a5 Kf7 28. axb6 axb6 29. Ra1 Kf8 30. Ra4 Rd1 31. Ng3 Nxg3 32. Kxg3 Kf7 33. h4 R1d5 34. Kf2 Rd1 35. h5 R1d5 36. Rf4+ Kg8 37. Re8+ Kh7 38. g4 Rd2+ 39. Re2 R2d6 40. Rf8 Rf6 41. Rxf6 gxf6 42. Kg3 Kg7 43. Kf4 Kf7 44. Re4 Rd2 45. b4 b5 46. Rd4 Rxd4+ 47. cxd4 Ke6 48. Ke4 c6 49. f4 Kd6 50. g5 fxg5 51. fxg5 hxg5 52. h6 1-0

[Event "GER-chA Seniors 26th"]
[Site "Bad Neuenahr"]
[Date "2014.08.12"]
[Round "8"]
[White "Plewka, Manfred"]
[Black "Opitz, Christian"]
[Result "1/2-1/2"]
[WhiteElo "1952"]
[BlackElo "2022"]
[PlyCount "120"]
[EventDate "2014.08.05"]
[EventType "swiss"]
[EventRounds "9"]
[EventCountry "GER"]
[SourceTitle "EXT 2018"]
[Source "ChessBase"]
[SourceDate "2017.10.13"]
[SourceVersion "1"]
[SourceVersionDate "2017.10.13"]
[SourceQuality "1"]

1. e4 e5 2. Nf3 Nc6 3. d4 exd4 4. Bc4 Nf6 5. e5 d5 6. Bb5 Ne4 7. Nxd4 Bd7 8. Bxc6 bxc6 9. 0-0 Be7 10. Nd2 Nxd2 11. Bxd2 0-0 12. c3 c5 13. Nb3 a5 14. Be3 c4 15. Nc5 Bf5 16. g4 Bg6 17. f4 Bxc5 18. Bxc5 Bd3 19. Bxf8 Qxf8 20. Rf2 Qc5 21. Kg2 Qe3 22. Qd2 Be4+ 23. Kg1 Qh3 24. Qe2 Ra6 25. f5 Rh6 26. Re1 Rh4 27. Rf4 Bxf5 28. Qg2 Be6 29. Qxh3 Rxh3 30. Kg2 Rd3 31. Rd4 Rxd4 32. cxd4 Bxg4 33. Re3 Bd7 34. Ra3 a4 35. b3 c3 36. bxa4 c2 37. Rc3 Bxa4 38. Rxc7 g5 39. Kf2 h5 40. Ke2 g4 41. Kd2 h4 42. Rc3 Kg7 43. Ke3 Kg6 44. Kf4 g3 45. hxg3 h3 46. Kf3 Kg5 47. g4 h2 48. Kg2 h1Q+ 49. Kxh1 Kxg4 50. Kg2 Kf4 51. Kf2 Ke4 52. Ke2 Kxd4 53. Kd2 Kxe5 54. Ra3 Bb5 55. Kxc2 f5 56. Kd2 f4 57. Ra5 Bc4 58. Ra8 Kd4 59. a4 f3 60. Rf8 Be2 1/2-1/2

[Event "GER-chA Seniors 26th"]
[Site "Bad Neuenahr"]
[Date "2014.08.11"]
[Round "7"]
[White "Bauder, Herbert"]
[Black "Plewka, Manfred"]
[Result "1/2-1/2"]
[WhiteElo "1976"]
[BlackElo "1952"]
[PlyCount "88"]
[EventDate "2014.08.05"]
[EventType "swiss"]
[EventRounds "9"]
[EventCountry "GER"]
[SourceTitle "EXT 2018"]
[Source "ChessBase"]
[SourceDate "2017.10.13"]
[SourceVersion "1"]
[SourceVersionDate "2017.10.13"]
[SourceQuality "1"]

1. d4 g6 2. Nf3 Bg7 3. c4 c6 4. Nc3 Nf6 5. e4 0-0 6. Be2 d6 7. 0-0 Na6 8. Rb1 Nc7 9. Re1 a6 10. d5 c5 11. Bd3 b5 12. b3 b4 13. Na4 Nd7 14. Bf4 f6 15. Be2 Ne8 16. Qc1 Bh8 17. a3 a5 18. axb4 axb4 19. Bd1 Ng7 20. Ra1 Nh5 21. Bh6 Rf7 22. Ra2 Nb6 23. Qa1 Nxa4 24. Rxa4 Rxa4 25. Qxa4 Bd7 26. Qa2 Bg4 27. h3 Bxf3 28. Bxf3 Ng7 29. Ra1 Rf8 30. Qa7 Re8 31. Ra6 f5 32. Bg5 Kf7 33. g4 h5 34. gxf5 gxf5 35. exf5 Rg8 36. h4 Nxf5 37. Bxh5+ Kf8 38. Kh1 Be5 39. Bg4 Nxh4 40. Qa8 Kg7 41. Qxd8 Rxd8 42. Ra7 Bf6 43. Bf4 Kg6 44. Kg1 Nf5 1/2-1/2

[Event "GER-chA Seniors 26th"]
[Site "Bad Neuenahr"]
[Date "2014.08.06"]
[Round "2"]
[White "Plewka, Manfred"]
[Black "Biller, Helmut"]
[Result "0-1"]
[WhiteElo "1952"]
[BlackElo "2081"]
[PlyCount "101"]
[EventDate "2014.08.05"]
[EventType "swiss"]
[EventRounds "9"]
[EventCountry "GER"]
[SourceTitle "EXT 2018"]
[Source "ChessBase"]
[SourceDate "2017.10.13"]
[SourceVersion "1"]
[SourceVersionDate "2017.10.13"]
[SourceQuality "1"]

1. e4 d6 2. d4 Nf6 3. Bd3 e5 4. c3 Nc6 5. d5 Ne7 6. Bg5 Ng6 7. h3 Be7 8. Bxf6 Bxf6 9. Ne2 Nf4 10. 0-0 Bd7 11. Ng3 g6 12. Qf3 Bg7 13. Ne2 Qf6 14. Kh2 h5 15. Nxf4 exf4 16. Qd1 g5 17. f3 g4 18. Re1 gxh3 19. gxh3 Qh4 20. Bf1 Qg3+ 21. Kh1 Bxh3 22. Qe2 0-0-0 23. Nd2 Bd7 24. Qh2 Be5 25. Be2 Rdg8 26. Rg1 Qxh2+ 27. Kxh2 Rg6 28. Nf1 h4 29. Kh1 h3 30. Nh2 f5 31. Bd3 fxe4 32. Bxe4 Kd8 33. Rac1 Rhg8 34. Bd3 c6 35. Be4 c5 36. Rcd1 b5 37. a3 Ke7 38. Rc1 a5 39. Rcf1 Rg2 40. Rb1 b4 41. axb4 axb4 42. Rgc1 Rf2 43. Rg1 Rxg1+ 44. Rxg1 Rxb2 45. cxb4 cxb4 46. Rb1 Rxb1+ 47. Bxb1 Bb5 48. Ng4 Be2 49. Be4 b3 50. Nf2 b2 51. Nxh3 0-1

[Event "Schleswig Holstein-ch Seniors"]
[Site "Leck"]
[Date "2014.04.15"]
[Round "5"]
[White "Jessen, Hilke"]
[Black "Plewka, Manfred"]
[Result "1-0"]
[WhiteElo "1941"]
[BlackElo "1989"]
[PlyCount "73"]
[EventDate "2014.04.12"]
[EventType "swiss"]
[EventRounds "9"]
[EventCountry "GER"]
[SourceTitle "EXT 2018"]
[Source "ChessBase"]
[SourceDate "2017.10.13"]
[SourceVersion "1"]
[SourceVersionDate "2017.10.13"]
[SourceQuality "1"]

1. e4 c5 2. Nf3 e6 3. d4 cxd4 4. Nxd4 Bc5 5. Nb3 Bb6 6. Nc3 Ne7 7. Bd3 0-0 8. 0-0 f5 9. Qe2 Nbc6 10. Be3 fxe4 11. Bxe4 d5 12. Bf3 d4 13. Rad1 e5 14. Bg5 Qe8 15. Ne4 Nf5 16. g4 h6 17. gxf5 hxg5 18. Nd6 Qe7 19. Bd5+ Rf7 20. Nxf7 Kf8 21. Qh5 Qf6 22. Nxg5 Ke7 23. Nh7 Qxf5 24. Qh4+ Kd6 25. Be4 Qf7 26. Ng5 Qe7 27. Kh1 Be6 28. Qg3 Rf8 29. c3 Bd5 30. cxd4 Bxe4+ 31. Nxe4+ Kc7 32. d5 Kc8 33. dxc6 bxc6 34. Rd2 Rf4 35. Qh3+ Kb8 36. Nd6 Bc7 37. Qc8# 1-0

[Event "Schleswig Holstein-ch Seniors"]
[Site "Leck"]
[Date "2014.04.14"]
[Round "3"]
[White "Gehrmann, Rudolf Rainer"]
[Black "Plewka, Manfred"]
[Result "1-0"]
[WhiteElo "2099"]
[BlackElo "1989"]
[PlyCount "97"]
[EventDate "2014.04.12"]
[EventType "swiss"]
[EventRounds "9"]
[EventCountry "GER"]
[SourceTitle "EXT 2018"]
[Source "ChessBase"]
[SourceDate "2017.10.13"]
[SourceVersion "1"]
[SourceVersionDate "2017.10.13"]
[SourceQuality "1"]

1. c4 g6 2. Nc3 Bg7 3. Nf3 d6 4. g3 Nh6 5. Bg2 0-0 6. e4 f5 7. d3 Nc6 8. 0-0 Nf7 9. Qc2 fxe4 10. Nxe4 Bg4 11. Qd2 Bxf3 12. Bxf3 Nfe5 13. Bg2 Nf3+ 14. Bxf3 Rxf3 15. Qd1 Ne5 16. Be3 d5 17. Ng5 Rf5 18. Ne6 Qd6 19. Nxg7 Kxg7 20. c5 Qf6 21. Bf4 Rxf4 22. gxf4 Qxf4 23. f3 Rf8 24. Kg2 Qg5+ 25. Kh1 Qf4 26. Qe2 Rf7 27. Rae1 Nxf3 28. Rf2 e5 29. Qe3 Qg4 30. Ref1 e4 31. dxe4 dxe4 32. Re2 Rf4 33. Qc3+ Kh6 34. Qe3 g5 35. Rg2 Qf5 36. Rd1 Ne5 37. Rdg1 Ng4 38. Qh3+ Kg6 39. Rxg4 Rxg4 40. Qxg4 Qxg4 41. Rxg4 Kf5 42. Rg3 Kf4 43. Rh3 g4 44. Rxh7 Kf3 45. Rf7+ Ke2 46. Rf4 e3 47. Rxg4 Kf3 48. Rg7 e2 49. Re7 1-0

[Event "GER-ch Seniors"]
[Site "Dresden"]
[Date "2012.08.14"]
[Round "6"]
[White "Selig, Rainer"]
[Black "Plewka, Manfred"]
[Result "1-0"]
[WhiteElo "2031"]
[BlackElo "1962"]
[PlyCount "83"]
[EventDate "2012.08.09"]
[EventType "swiss"]
[EventRounds "9"]
[EventCountry "GER"]
[SourceTitle "EXT 2014"]
[Source "ChessBase"]
[SourceDate "2013.11.20"]
[SourceVersion "1"]
[SourceVersionDate "2013.11.20"]
[SourceQuality "1"]

1. d4 f5 2. Nf3 e6 3. Bf4 Nf6 4. h3 c6 5. Nbd2 d5 6. e3 Bd6 7. Bxd6 Qxd6 8. c4 Nbd7 9. Bd3 0-0 10. cxd5 Nxd5 11. 0-0 e5 12. Nc4 Qe7 13. Ncxe5 Nxe5 14. Nxe5 Rf6 15. Qe2 Rh6 16. f4 Be6 17. Rf3 Re8 18. Rg3 Nf6 19. Qc2 Rh5 20. Rc1 Rf8 21. Qc5 Qxc5 22. Rxc5 Bd5 23. b4 Rd8 24. a3 Nd7 25. Nxd7 Rxd7 26. Rg5 Rxg5 27. fxg5 Kf7 28. Bxf5 Re7 29. Kf2 h6 30. gxh6 gxh6 31. g4 b5 32. Rc1 Kf6 33. Re1 h5 34. e4 hxg4 35. hxg4 Bf7 36. Kg3 Kg5 37. Rf1 Bc4 38. Rh1 Bf7 39. Rh7 a6 40. e5 a5 41. e6 axb4 42. exf7 1-0

[Event "GER-ch Seniors"]
[Site "Dresden"]
[Date "2012.08.13"]
[Round "5"]
[White "Plewka, Manfred"]
[Black "Kluger, Hans Peter"]
[Result "1-0"]
[WhiteElo "1962"]
[BlackElo "1948"]
[PlyCount "45"]
[EventDate "2012.08.09"]
[EventType "swiss"]
[EventRounds "9"]
[EventCountry "GER"]
[SourceTitle "EXT 2014"]
[Source "ChessBase"]
[SourceDate "2013.11.20"]
[SourceVersion "1"]
[SourceVersionDate "2013.11.20"]
[SourceQuality "1"]

1. e4 g6 2. d4 Bg7 3. Nf3 d6 4. Be3 Bg4 5. h3 Bd7 6. c4 c6 7. Qd2 Na6 8. Nc3 Nc7 9. e5 Bf5 10. g4 Bd7 11. 0-0-0 d5 12. Ng5 e6 13. Qc2 Qe7 14. f4 0-0-0 15. cxd5 exd5 16. Re1 h6 17. Nf3 Kb8 18. f5 gxf5 19. gxf5 f6 20. e6 Bc8 21. Na4 Qe8 22. Rg1 h5 23. Rxg7 1-0

[Event "GER-ch Seniors 23rd"]
[Site "Halle"]
[Date "2011.08.12"]
[Round "8"]
[White "Flockerzi, Armin"]
[Black "Plewka, Manfred"]
[Result "0-1"]
[WhiteElo "1898"]
[BlackElo "1944"]
[PlyCount "92"]
[EventDate "2011.08.05"]
[EventType "swiss"]
[EventRounds "9"]
[EventCountry "GER"]
[SourceTitle "CBM 144 Extra"]
[Source "ChessBase"]
[SourceDate "2011.10.28"]
[SourceVersion "1"]
[SourceVersionDate "2011.10.28"]
[SourceQuality "1"]

1. Nf3 c5 2. c4 g6 3. g3 Bg7 4. Bg2 f5 5. e3 Nf6 6. d4 cxd4 7. exd4 d5 8. c5 0-0 9. 0-0 Nc6 10. Nc3 Ne4 11. Bf4 e6 12. a3 b6 13. cxb6 axb6 14. Re1 Ba6 15. Rc1 Rc8 16. b4 Nxb4 17. Nxe4 Rxc1 18. Bxc1 fxe4 19. Ng5 Nd3 20. Nxe6 Qf6 21. Nf4 Nxe1 22. Qxe1 Bc4 23. Bb2 Bh6 24. Ne2 Bd2 25. Qxd2 Qxf2+ 26. Kh1 Qxe2 27. Qxe2 Bxe2 28. Kg1 g5 29. h3 Kg7 30. Bc1 Kg6 31. g4 h5 32. gxh5+ Kxh5 33. Kh2 g4 34. Kg3 gxh3 35. Kxh3 Rc8 36. Bd2 Rc4 37. Kg3 Rxd4 38. Bb4 e3 39. Bh3 Rxb4 40. axb4 Kg5 41. Bd7 d4 42. Bc6 d3 43. Bb5 Kf5 44. Ba6 Ke4 45. Bb5 Bh5 46. Kg2 d2 0-1

[Event "GER-ch Seniors 23rd"]
[Site "Halle"]
[Date "2011.08.08"]
[Round "4"]
[White "Plewka, Manfred"]
[Black "Lichtblau, Ernst"]
[Result "1-0"]
[WhiteElo "1944"]
[BlackElo "1824"]
[PlyCount "119"]
[EventDate "2011.08.05"]
[EventType "swiss"]
[EventRounds "9"]
[EventCountry "GER"]
[SourceTitle "CBM 144 Extra"]
[Source "ChessBase"]
[SourceDate "2011.10.28"]
[SourceVersion "1"]
[SourceVersionDate "2011.10.28"]
[SourceQuality "1"]

1. e4 c6 2. d4 d5 3. exd5 cxd5 4. Bd3 Nc6 5. c3 Nf6 6. Nf3 Qc7 7. 0-0 Bg4 8. Na3 a6 9. Nc2 e6 10. h3 Bh5 11. Re1 Be7 12. Ne3 Ne4 13. Nf1 Bg6 14. N1h2 h5 15. Bxe4 dxe4 16. Ng5 Bxg5 17. Bxg5 f6 18. Bh4 0-0-0 19. Qb3 Bf7 20. Qc2 Bg6 21. f3 Nxd4 22. Qf2 Nf5 23. fxe4 Nxh4 24. Qxh4 Rd2 25. b3 Bf7 26. e5 g5 27. Qe4 f5 28. Qe3 Rhd8 29. Nf3 R2d3 30. Qxg5 Rg8 31. Qf4 Qc5+ 32. Kh2 Qf2 33. Rg1 Rgd8 34. Rgf1 Qb6 35. c4 Qb4 36. Rac1 Qe7 37. Rc2 Be8 38. Rd2 Bc6 39. Rxd3 Rxd3 40. Rf2 Bxf3 41. Rxf3 Rd1 42. Qh6 h4 43. Rf4 Kb8 44. Qh5 Re1 45. Qxh4 Qxh4 46. Rxh4 Rxe5 47. Rf4 Kc7 48. h4 Kd6 49. h5 Ke7 50. Kh3 Kf6 51. Kh4 Re2 52. g4 Ke5 53. Kg5 fxg4 54. Rxg4 Rxa2 55. Kg6 Rb2 56. h6 Rxb3 57. h7 Rh3 58. Rg5+ Kd6 59. Rh5 Rg3+ 60. Kh6 1-0

[Event "GER-ch Seniors 22nd"]
[Site "Berlin"]
[Date "2010.08.18"]
[Round "3"]
[White "Finzer, Lothar"]
[Black "Plewka, Manfred"]
[Result "0-1"]
[WhiteElo "1631"]
[BlackElo "1845"]
[PlyCount "96"]
[EventDate "2010.08.16"]
[EventType "swiss"]
[EventRounds "9"]
[EventCountry "GER"]
[SourceTitle "CBM 138 Extra"]
[Source "ChessBase"]
[SourceDate "2010.10.29"]
[SourceVersion "1"]
[SourceVersionDate "2010.10.29"]
[SourceQuality "1"]

1. d4 f5 2. c4 g6 3. Nc3 Nf6 4. h3 d6 5. Nf3 Bg7 6. Bf4 0-0 7. e3 Nbd7 8. Be2 c6 9. Qb3 Kh8 10. Rd1 Nh5 11. Bh2 Qe8 12. Ng5 e5 13. d5 c5 14. Ne6 Ndf6 15. Nc7 Qd8 16. Nxa8 f4 17. exf4 Nxf4 18. Bxf4 exf4 19. 0-0 g5 20. Bf3 g4 21. hxg4 Nxg4 22. Rd2 Ne5 23. Nb5 Bg4 24. Bxg4 Nxg4 25. Nac7 f3 26. gxf3 Ne5 27. Ne6 Qf6 28. f4 Rg8 29. Qh3 Bh6+ 30. Kh1 Bxf4 31. Nxf4 Qxf4 32. Re2 Rg4 33. Re3 Rh4 34. Nxd6 Rxh3+ 35. Rxh3 Ng4 36. Kg2 Qxd6 37. f4 Qg6 38. Kf3 Qd3+ 39. Kxg4 Qxf1 40. b3 Kg7 41. Re3 h5+ 42. Kf5 Kf7 43. Ke5 Qg1 44. Re2 Qd4+ 45. Kf5 Qd3+ 46. Re4 h4 47. Ke5 h3 48. d6 Qxe4+ 0-1